[Event "C.to Provinciale BI-VC"]
[Site "Biella ITA"]
[Date "2014.03.15"]
[Round "2"]
[White "Loggia, Davide"]
[Black "Bozio, Stefano"]
[WhiteElo "1436"]
[BlackElo "1542"]
[Result "0-1"]
[PlyCount "86"]
[EventDate "2014.03.14"]

1. e4 e5 2. d4 exd4 3. Nf3 Nc6 4. c3 dxc3 5. Nxc3 d6 6. Bc4 Bg4 7. Qb3 Bh5 8.
Qxb7 Nge7 9. Nd5 Rb8 10. Qa6 Qd7 11. Nxe7 Bxe7 12. Bb5 Rb6 13. Qa4 a6 14. Bxc6
Qxc6 15. Qxc6+ Rxc6 16. Nd4 Rb6 17. O-O Bf6 18. Nb3 Kd7 19. Be3 Rb4 20. Rac1
Rxe4 21. Nd2 Re7 22. Rfe1 Bg6 23. Rcd1 Bxb2 24. Bg5 Rxe1+ 25. Rxe1 Re8 26. Rxe8
Kxe8 27. Nc4 Bd4 28. Be3 Bxe3 29. Nxe3 Kd7 30. Kf1 Ke6 31. f4 c5 32. Ke2 d5 33.
g4 Be4 34. f5+ Ke5 35. Kd2 Kd4 36. Nc2+ Bxc2 37. Kxc2 Ke3 38. Kc3 d4+ 39. Kc2
d3+ 40. Kd1 d2 41. a4 c4 42. h4 c3 43. g5 Kd3 0-1

[Event "C.to Provinciale BI-VC"]
[Site "Biella ITA"]
[Date "2014.03.15"]
[Round "2"]
[White "Migliorini, Matteo"]
[Black "Isoardi, Luigi"]
[WhiteElo "2099"]
[BlackElo "1758"]
[Result "1-0"]
[PlyCount "109"]
[EventDate "2014.03.14"]

1. e4 c5 2. d4 cxd4 3. c3 Nc6 4. cxd4 e6 5. d5 Bb4+ 6. Nc3 exd5 7. exd5 Qe7+ 8.
Be2 Ne5 9. Nh3 Nf6 10. O-O O-O 11. a3 Bxc3 12. d6 Qe6 13. Nf4 Qf5 14. bxc3 b6
15. Nd5 Nc6 16. Bf3 Nxd5 17. Qxd5 Qc2 18. Bg5 Ba6 19. Be4 Qe2 20. Qf5 Qh5 21.
Rfe1 Bc4 22. g4 Qg6 23. Qf4 f5 24. Bxc6 dxc6 25. Qxc4+ Kh8 26. Be7 b5 27. Qe2
Rfe8 28. f3 fxg4 29. fxg4 c5 30. Qe4 Qf7 31. d7 Rg8 32. d8=Q Raxd8 33. Bxd8
Rxd8 34. Rad1 Rc8 35. Qe6 Qf8 36. Rf1 Qe8 37. Qxe8+ Rxe8 38. Rf5 h6 39. Rxc5
Re4 40. Rxb5 Rxg4+ 41. Kf2 Ra4 42. Rb3 Rh4 43. Kg3 Re4 44. Rd7 Re3+ 45. Kf2 Rh3
46. Kg2 Re3 47. Rxa7 h5 48. Rb8+ Kh7 49. Rbb7 Rxc3 50. Rxg7+ Kh6 51. Rgc7 Rd3
52. Rc6+ Kg5 53. Ra5+ Kh4 54. Rc4+ Rd4 55. Rxd4# 1-0

[Event "C.to Provinciale BI-VC"]
[Site "Biella ITA"]
[Date "2014.03.15"]
[Round "2"]
[White "Palma, Maria"]
[Black "Bardone, Lorenzo"]
[WhiteElo "1709"]
[BlackElo "1986"]
[Result "0-1"]
[PlyCount "62"]
[EventDate "2014.03.14"]

1. d4 Nf6 2. c4 g6 3. Nc3 d5 4. Nf3 Bg7 5. cxd5 Nxd5 6. e4 Nxc3 7. bxc3 c5 8.
Bb5+ Bd7 9. Bxd7+ Qxd7 10. O-O Nc6 11. Bb2 Rd8 12. d5 Na5 13. Qe2 O-O 14. Nd2
e6 15. Nb3 Nxb3 16. axb3 exd5 17. exd5 Qxd5 18. c4 Qd3 19. Qxd3 Rxd3 20. Bxg7
Kxg7 21. b4 cxb4 22. Rxa7 b5 23. cxb5 Rb8 24. Ra5 b3 25. Rb1 b2 26. Kf1 Rd2 27.
g3 Rc2 28. Kg2 Rb6 29. h4 Rf6 30. b6 Rfxf2+ 31. Kh3 h5 0-1

[Event "C.to Provinciale BI-VC"]
[Site "Biella ITA"]
[Date "2014.03.15"]
[Round "2"]
[White "Pivari, Flavio"]
[Black "Pedoni, Lorenzo"]
[WhiteElo "1402"]
[BlackElo "1699"]
[Result "0-1"]
[PlyCount "100"]
[EventDate "2014.03.14"]

1. e4 c5 2. Nf3 Nc6 3. d4 cxd4 4. Nxd4 Nf6 5. Nc3 e5 6. Nxc6 bxc6 7. Bc4 Be7 8.
Bg5 O-O 9. Bxf6 Bxf6 10. O-O Rb8 11. Rb1 Be7 12. a3 Kh8 13. Kh1 f5 14. f4 exf4
15. Rxf4 d5 16. exd5 Bd6 17. Qf3 Bxf4 18. Qxf4 Bb7 19. d6 Qf6 20. Rd1 c5 21. d7
Qc6 22. Rd2 Rbd8 23. Bb5 Qb6 24. b3 a6 25. Bc4 Qc6 26. Qd6 Qxd6 27. Rxd6 Rf6
28. Rd2 Bc6 29. Bxa6 Bxd7 30. Bb5 Re8 31. Kg1 Bxb5 32. Nxb5 Kg8 33. Kf2 Rc6 34.
c4 f4 35. Rd3 g5 36. g3 fxg3+ 37. hxg3 Rf6+ 38. Rf3 Rxf3+ 39. Kxf3 h5 40. Nd6
Rb8 41. Nb5 Kf7 42. a4 Kf6 43. Ke4 h4 44. gxh4 gxh4 45. Kf4 Rg8 46. Nd6 h3 47.
Ne4+ Ke7 48. Kf3 h2 49. Nf2 Rf8+ 50. Kg2 Rxf2+ 0-1

[Event "C.to Provinciale BI-VC"]
[Site "Biella ITA"]
[Date "2014.03.15"]
[Round "2"]
[White "Raselli, Claudio"]
[Black "Siclari, Giovanni"]
[WhiteElo "1877"]
[BlackElo "2106"]
[Result "0-1"]
[PlyCount "48"]
[EventDate "2014.03.14"]

1. e4 c5 2. c3 Nf6 3. e5 Nd5 4. d4 cxd4 5. Bc4 Nb6 6. Bb3 Nc6 7. cxd4 e6 8. Nf3
d6 9. O-O Be7 10. Nc3 dxe5 11. dxe5 Qxd1 12. Rxd1 Bd7 13. Be3 Na5 14. Ne4 Bc6
15. Nd6+ Bxd6 16. exd6 Bxf3 17. gxf3 Nxb3 18. axb3 Kd7 19. Bc5 Rhc8 20. Rdc1
Nd5 21. Rc4 b6 22. Ba3 b5 23. Rg4 a5 24. Rxg7 Rg8 0-1

[Event "C.to Provinciale BI-VC"]
[Site "Biella ITA"]
[Date "2014.03.15"]
[Round "2"]
[White "Tibaldeschi, Attilio"]
[Black "Borghi, Dario"]
[WhiteElo "1715"]
[BlackElo "1739"]
[Result "0-1"]
[PlyCount "116"]
[EventDate "2014.03.14"]

1. Nf3 Nf6 2. b3 g6 3. Bb2 Bg7 4. d3 d6 5. Nbd2 b6 6. e3 Bb7 7. Be2 Nbd7 8. c4
c5 9. O-O O-O 10. Qc2 Rb8 11. Rad1 Qc7 12. d4 e6 13. e4 d5 14. cxd5 exd5 15. e5
Ne8 16. Ng5 cxd4 17. Qxc7 Nxc7 18. f4 f6 19. Bg4 fxg5 20. Bxd7 Rxf4 21. Rxf4
gxf4 22. Bxd4 Rd8 23. Bh3 Re8 24. Nf3 Ne6 25. Ba1 Nc5 26. e6 Bxa1 27. Rxa1 Nxe6
28. Rc1 Kf8 29. g3 fxg3 30. hxg3 d4 31. Bg2 Bxf3 32. Bxf3 Ng5 33. Bc6 Re3 34.
Kf2 Ne4+ 35. Bxe4 Rxe4 36. Rd1 h5 37. Rc1 Kf7 38. Kf3 Re3+ 39. Kf4 Kf6 40. Rc6+
Re6 41. Rc1 g5+ 42. Kf3 Re3+ 43. Kf2 a5 44. Rc6+ Re6 45. Rc1 d3 46. a4 d2 47.
Rd1 Rd6 48. Ke2 Kf5 49. Rf1+ Kg4 50. Kd1 Kxg3 51. Rg1+ Kf4 52. Rf1+ Kg4 53.
Rg1+ Kf5 54. Rf1+ Kg6 55. Rf8 h4 56. Rg8+ Kh5 57. Re8 h3 58. Re5 h2 0-1

[Event "C.to Provinciale BI-VC"]
[Site "Biella ITA"]
[Date "2014.03.15"]
[Round "2"]
[White "Ubezio, Marco"]
[Black "Della Peruta, Lorenzo"]
[WhiteElo "2122"]
[BlackElo "1423"]
[Result "1-0"]
[PlyCount "41"]
[EventDate "2014.03.14"]

1. d4 d5 2. c4 c6 3. cxd5 cxd5 4. Nc3 Nc6 5. e4 dxe4 6. d5 Ne5 7. Qa4+ Bd7 8.
Qxe4 Ng6 9. Nf3 Nf6 10. Qd4 Qc7 11. Nb5 Bxb5 12. Bxb5+ Nd7 13. Bd2 a6 14. Rc1
Qd6 15. Bb4 Qf4 16. Qc3 f6 17. Bxd7+ Kxd7 18. O-O h5 19. Rfe1 h4 20. d6 exd6
21. Qc7# 1-0

[Event "C.to Provinciale BI-VC"]
[Site "Biella ITA"]
[Date "2014.03.15"]
[Round "2"]
[White "Zannoni, Gianni"]
[Black "Negro, Andrea"]
[WhiteElo "1755"]
[BlackElo "1362"]
[Result "1-0"]
[PlyCount "107"]
[EventDate "2014.03.14"]

1. d4 Nf6 2. c4 e6 3. Nf3 b6 4. g3 Bb7 5. Bg2 Be7 6. O-O O-O 7. Nc3 d5 8. cxd5
Nxd5 9. Re1 Nc6 10. e4 Nf6 11. a3 Qd7 12. Be3 Rad8 13. Qc2 Ng4 14. Rad1 Qc8 15.
Bf4 Rd7 16. d5 exd5 17. Nxd5 Bc5 18. Re2 Rfd8 19. h3 Nf6 20. Nxf6+ gxf6 21.
Red2 Rxd2 22. Rxd2 Nd4 23. Nxd4 Rxd4 24. Rxd4 Bxd4 25. Qxc7 Qxc7 26. Bxc7 Bxb2
27. Bd6 Bc6 28. Kf1 Bc3 29. Ke2 f5 30. Ke3 fxe4 31. Bxe4 Bxe4 32. Kxe4 Be1 33.
f3 b5 34. Kd5 a5 35. Kc5 b4 36. Kc4 bxa3 37. g4 Bb4 38. Be5 h6 39. h4 Kh7 40.
h5 Kg8 41. f4 Kf8 42. Kb3 Ke7 43. Bg7 Ke6 44. Bxh6 f6 45. g5 a4+ 46. Kc2 a2 47.
Kb2 Bd2 48. g6 Ke7 49. Kxa2 f5 50. Ka3 Kf6 51. Kxa4 Bxf4 52. Bxf4 Kg7 53. Kb5
Kg8 54. Kc5 1-0

[Event "C.to Provinciale BI-VC"]
[Site "Biella ITA"]
[Date "2014.03.15"]
[Round "3"]
[White "Bardone, Lorenzo"]
[Black "Migliorini, Matteo"]
[WhiteElo "1986"]
[BlackElo "2099"]
[Result "1-0"]
[PlyCount "53"]
[EventDate "2014.03.14"]

1. e4 c5 2. Nf3 d6 3. Bb5+ Bd7 4. Bxd7+ Nxd7 5. c4 e5 6. Nc3 g6 7. d3 Bg7 8.
O-O Ne7 9. Rb1 O-O 10. b4 h6 11. bxc5 Nxc5 12. Be3 Qc8 13. d4 Ne6 14. dxe5 dxe5
15. Nd5 Nxd5 16. cxd5 Nf4 17. Bxf4 exf4 18. Qc1 Qxc1 19. Rfxc1 Rac8 20. h3 b6
21. d6 Rfd8 22. e5 Kf8 23. Nd4 Bxe5 24. Rxc8 Rxc8 25. d7 Ra8 26. Rc1 Ke7 27.
Nc6+ 1-0

[Event "C.to Provinciale BI-VC"]
[Site "Biella ITA"]
[Date "2014.03.15"]
[Round "3"]
[White "Borghi, Dario"]
[Black "Ubezio, Marco"]
[WhiteElo "1739"]
[BlackElo "2122"]
[Result "0-1"]
[PlyCount "68"]
[EventDate "2014.03.14"]

1. c4 e5 2. g3 Nf6 3. Bg2 h6 4. Nc3 Bb4 5. Qc2 O-O 6. a3 Bxc3 7. Qxc3 Re8 8. e3
Nc6 9. Ne2 d6 10. O-O Bg4 11. f3 Bh5 12. Re1 Qd7 13. b4 e4 14. f4 Bf3 15. h3
Ne7 16. Kf2 c5 17. b5 b6 18. Ng1 Rad8 19. Bxf3 exf3 20. Qc2 Nf5 21. d3 d5 22.
g4 dxc4 23. dxc4 Nh4 24. Nxf3 Nxg4+ 25. Ke2 Nxf3 26. Kxf3 Ne5+ 27. Kg3 Nd3 28.
Re2 Qf5 29. Kh2 Qh5 30. Bb2 Nxf4 31. Rf2 Qxh3+ 32. Kg1 Qxe3 33. Kh2 Rd3 34. Rg1
Qh3# 0-1

[Event "C.to Provinciale BI-VC"]
[Site "Biella ITA"]
[Date "2014.03.15"]
[Round "3"]
[White "Bozio, Stefano"]
[Black "Moratto, Davide"]
[WhiteElo "1542"]
[BlackElo "1790"]
[Result "0-1"]
[PlyCount "56"]
[EventDate "2014.03.14"]

1. e4 g6 2. Nf3 Bg7 3. d4 d6 4. Bc4 e6 5. Nc3 Ne7 6. Bf4 a6 7. a4 O-O 8. e5 d5
9. Bd3 b6 10. h4 c5 11. dxc5 bxc5 12. b3 Nbc6 13. h5 Nb4 14. hxg6 Nxd3+ 15.
Qxd3 Nxg6 16. Qd2 f6 17. Bh6 Ra7 18. Bxg7 Rxg7 19. exf6 Qxf6 20. Rd1 Ne5 21.
Nxe5 Qxe5+ 22. Kf1 Qg3 23. Rg1 Rgf7 24. f3 Rxf3+ 25. gxf3 Rxf3+ 26. Ke2 Rf2+
27. Ke1 Rg2+ 28. Kf1 Qf3+ 0-1

[Event "C.to Provinciale BI-VC"]
[Site "Biella ITA"]
[Date "2014.03.15"]
[Round "3"]
[White "Della Peruta, Lorenzo"]
[Black "Tibaldeschi, Attilio"]
[WhiteElo "1423"]
[BlackElo "1715"]
[Result "1-0"]
[PlyCount "49"]
[EventDate "2014.03.14"]

1. e4 e5 2. Nf3 Nc6 3. Bc4 Be7 4. Nc3 Nf6 5. d3 O-O 6. Be3 a6 7. Qd2 d6 8. h3
Na5 9. Bb3 Nxb3 10. axb3 Be6 11. g4 c6 12. Ne2 Qc7 13. Ng3 d5 14. Nf5 dxe4 15.
dxe4 Rfd8 16. Nxe7+ Qxe7 17. Qe2 Qb4+ 18. Bd2 Qxe4 19. Qxe4 Nxe4 20. Be3 f6 21.
Ke2 b5 22. Rhd1 c5 23. Rxd8+ Rxd8 24. Rxa6 c4 25. Rxe6 1-0

[Event "C.to Provinciale BI-VC"]
[Site "Biella ITA"]
[Date "2014.03.15"]
[Round "3"]
[White "Isoardi, Luigi"]
[Black "Palma, Maria"]
[WhiteElo "1758"]
[BlackElo "1709"]
[Result "0-1"]
[PlyCount "82"]
[EventDate "2014.03.14"]

1. d4 d5 2. Nf3 Nf6 3. Bf4 c5 4. e3 e6 5. Bb5+ Bd7 6. Bxd7+ Nbxd7 7. c3 Be7 8.
h3 Ne4 9. O-O O-O 10. Nbd2 Ndf6 11. Qc2 Rc8 12. dxc5 Bxc5 13. Rad1 b5 14. Nxe4
Nxe4 15. Nd2 Nd6 16. Nb3 b4 17. Nxc5 Rxc5 18. Rd3 Nb5 19. Qb3 bxc3 20. bxc3 Qa5
21. Qb4 Qxb4 22. cxb4 Rc4 23. a4 Nc3 24. a5 Ne2+ 25. Kh2 Nxf4 26. exf4 Rxb4 27.
f5 Rb5 28. fxe6 fxe6 29. Re1 Rf6 30. Ra3 d4 31. f4 Kf7 32. Re4 Rd5 33. Ra4 d3
34. Red4 Rff5 35. g4 Rxd4 36. Rxd4 Rd5 37. Rb4 d2 38. Rb7+ Kg6 39. f5+ exf5 40.
gxf5+ Kf6 41. Rxa7 d1=Q 0-1

[Event "C.to Provinciale BI-VC"]
[Site "Biella ITA"]
[Date "2014.03.15"]
[Round "3"]
[White "Monzeglio, Graziella"]
[Black "Loggia, Davide"]
[WhiteElo "1286"]
[BlackElo "1436"]
[Result "0-1"]
[PlyCount "70"]
[EventDate "2014.03.14"]

1. d4 d5 2. Nf3 e6 3. e3 c5 4. c3 Nf6 5. b3 cxd4 6. cxd4 Bb4+ 7. Nbd2 Ne4 8. a3
Nxd2 9. Bxd2 Bxd2+ 10. Qxd2 Bd7 11. Bd3 Nc6 12. O-O h5 13. Rfe1 Qe7 14. h3 g5
15. e4 Qf6 16. exd5 g4 17. hxg4 hxg4 18. Qg5 Qxg5 19. Nxg5 Nd8 20. dxe6 fxe6
21. Bg6+ Kf8 22. Rad1 Rg8 23. Nh7+ Kg7 24. Re4 Kxg6 25. Rxg4+ Kxh7 26. Rh4+ Kg7
27. Rg4+ Kf8 28. Rf4+ Nf7 29. d5 e5 30. Rc4 Rc8 31. Rdc1 Nd6 32. R4c3 Rxc3 33.
Rxc3 Ke7 34. Re3 Nf7 35. f4 Kf6 0-1

[Event "C.to Provinciale BI-VC"]
[Site "Biella ITA"]
[Date "2014.03.15"]
[Round "3"]
[White "Negro, Andrea"]
[Black "Lavino, Stefano"]
[WhiteElo "1362"]
[BlackElo "1630"]
[Result "0-1"]
[PlyCount "64"]
[EventDate "2014.03.14"]

1. d4 Nf6 2. c4 e6 3. Nc3 Bb4 4. Bg5 h6 5. Bh4 c5 6. e3 Bxc3+ 7. bxc3 b6 8. Nf3
O-O 9. Bd3 Bb7 10. O-O d6 11. Bc2 Nbd7 12. Rb1 Qc8 13. Ba4 Bxf3 14. gxf3 cxd4
15. Qxd4 Qc5 16. Rfd1 Qxd4 17. Rxd4 Ne5 18. Kg2 Rac8 19. Bb3 Rc6 20. f4 Ng6 21.
Bxf6 gxf6 22. Rbd1 Nh4+ 23. Kh3 Nf5 24. R4d3 Rfc8 25. e4 Ne7 26. e5 fxe5 27.
fxe5 Nf5 28. Kg4 Kf8 29. Kh5 Ke7 30. h3 Rg8 31. exd6+ Rxd6 32. Rxd6 Rg5# 0-1

[Event "C.to Provinciale BI-VC"]
[Site "Biella ITA"]
[Date "2014.03.15"]
[Round "3"]
[White "Pedoni, Lorenzo"]
[Black "Zannoni, Gianni"]
[WhiteElo "1699"]
[BlackElo "1755"]
[Result "1-0"]
[PlyCount "47"]
[EventDate "2014.03.14"]

1. d4 Nf6 2. c4 g6 3. Nc3 Bg7 4. e4 d6 5. Be2 O-O 6. Bg5 c6 7. Nf3 Qe8 8. h3 e5
9. d5 cxd5 10. cxd5 a6 11. a4 Nfd7 12. O-O f6 13. Be3 Qd8 14. Nd2 Rf7 15. Nc4
Bf8 16. f4 Be7 17. f5 Nf8 18. Nb6 gxf5 19. exf5 Rg7 20. Nxa8 Nbd7 21. Bh6 Nb6
22. Bxg7 Kxg7 23. Nxb6 Qxb6+ 24. Kh1 1-0

[Event "C.to Provinciale BI-VC"]
[Site "Biella ITA"]
[Date "2014.03.15"]
[Round "3"]
[White "Siclari, Giovanni"]
[Black "Rocchi, Enrico"]
[WhiteElo "2106"]
[BlackElo "1891"]
[Result "1-0"]
[PlyCount "45"]
[EventDate "2014.03.14"]

1. Nf3 Nf6 2. c4 g6 3. Nc3 d5 4. cxd5 Nxd5 5. e4 Nxc3 6. dxc3 Qxd1+ 7. Kxd1 Bg4
8. Kc2 Bxf3 9. gxf3 e5 10. f4 Nd7 11. Bh3 Bg7 12. Be3 exf4 13. Bxf4 c6 14. Bd6
Bf8 15. Bg3 Nc5 16. Rhe1 Bg7 17. Rad1 Rd8 18. Rxd8+ Kxd8 19. Rd1+ Ke8 20. Bh4
f6 21. b4 Na4 22. Rd7 Kf8 23. Be6 1-0

[Event "C.to Provinciale BI-VC"]
[Site "Biella ITA"]
[Date "2014.03.16"]
[Round "4"]
[White "Gnata, Ilaria"]
[Black "Borghi, Dario"]
[WhiteElo "1449"]
[BlackElo "1739"]
[Result "0-1"]
[PlyCount "102"]
[EventDate "2014.03.14"]

1. e4 e5 2. Nf3 Nc6 3. Bc4 Bc5 4. d3 d6 5. Ng5 Nh6 6. Nc3 Na5 7. Na4 Nxc4 8.
dxc4 Bb6 9. Bd2 Bd7 10. Nc3 Ba5 11. Qe2 Bxc3 12. bxc3 O-O 13. Nh3 Ng4 14. Qf3
Qf6 15. Ng5 Qxf3 16. Nxf3 Nf6 17. O-O Nxe4 18. Be1 Be6 19. Rb1 b6 20. c5 dxc5
21. Rb2 Bc4 22. Nxe5 Bxf1 23. Kxf1 Rfe8 24. Ng4 Rad8 25. Rb1 Nd2+ 26. Bxd2 Rxd2
27. Rc1 Ree2 28. Ne3 Rxf2+ 29. Ke1 Rde2+ 30. Kd1 Rxe3 31. Rb1 Rf1+ 32. Kd2 Rxb1
33. Kxe3 Rb2 34. Kd3 Rxa2 35. c4 c6 36. c3 Rxg2 37. h3 b5 38. h4 a5 39. h5 a4
40. cxb5 cxb5 41. c4 b4 42. Ke3 Rc2 43. Kd3 Rc3+ 44. Ke4 a3 45. Ke5 Rd3 46. Ke4
Rd4+ 47. Ke5 f6+ 48. Ke6 a2 49. Ke7 a1=Q 50. Ke6 Qe1+ 51. Kf5 Qe4# 0-1

[Event "C.to Provinciale BI-VC"]
[Site "Biella ITA"]
[Date "2014.03.16"]
[Round "4"]
[White "Lavino, Stefano"]
[Black "Della Peruta, Lorenzo"]
[WhiteElo "1630"]
[BlackElo "1423"]
[Result "1-0"]
[PlyCount "103"]
[EventDate "2014.03.14"]

1. d4 d5 2. Bf4 Nf6 3. e3 Nc6 4. Nf3 Bf5 5. c4 e6 6. a3 Bd6 7. Nc3 Bxf4 8. exf4
dxc4 9. Qa4 O-O 10. Rd1 Nd5 11. g3 Nb6 12. Qb5 a6 13. Qc5 Qf6 14. Ne5 Nxe5 15.
dxe5 Qg6 16. Bg2 Na4 17. Qxc4 Nxb2 18. Qxc7 Nxd1 19. Nxd1 Rac8 20. Qxb7 Rfd8
21. O-O Bd3 22. Re1 Bb5 23. Ne3 h6 24. Be4 f5 25. exf6 Qxf6 26. Ng4 Qf7 27. Qb6
Bd3 28. Bxd3 Rxd3 29. Qxa6 Rcd8 30. Ne5 Rd1 31. Nxf7 Rxe1+ 32. Kg2 Kxf7 33.
Qb7+ Kg8 34. Qb6 Re8 35. a4 Ra1 36. a5 Ra2 37. a6 Ra1 38. a7 Ra3 39. Qb7 Ra1
40. Kh3 Kh7 41. Kh4 Ra2 42. Kg4 Ra3 43. h4 Ra1 44. h5 Ra3 45. Kh3 Ra1 46. g4
Ra3+ 47. Kg2 Ra1 48. g5 hxg5 49. fxg5 Kg8 50. g6 Rf8 51. h6 Ra2 52. Qxg7# 1-0

[Event "C.to Provinciale BI-VC"]
[Site "Biella ITA"]
[Date "2014.03.16"]
[Round "4"]
[White "Monzeglio, Graziella"]
[Black "Negro, Andrea"]
[WhiteElo "1286"]
[BlackElo "1362"]
[Result "1-0"]
[PlyCount "37"]
[EventDate "2014.03.14"]

1. d4 Nf6 2. Nf3 e6 3. e3 b6 4. Bd3 Bb7 5. O-O Be7 6. Re1 O-O 7. Nbd2 d5 8. e4
Nbd7 9. exd5 Nxd5 10. Nc4 Re8 11. Nce5 f6 12. Nxd7 Qxd7 13. Qe2 Bd6 14. Qe4
Rab8 15. Qxh7+ Kf7 16. Bh6 Rg8 17. Bg6+ Kf8 18. Be4 gxh6 19. Qxd7 1-0

[Event "C.to Provinciale BI-VC"]
[Site "Biella ITA"]
[Date "2014.03.16"]
[Round "4"]
[White "Moratto, Davide"]
[Black "Palma, Maria"]
[WhiteElo "1790"]
[BlackElo "1709"]
[Result "1-0"]
[PlyCount "119"]
[EventDate "2014.03.14"]

1. e4 e5 2. Nf3 Nc6 3. Bb5 Bc5 4. O-O Qf6 5. d3 h6 6. Nc3 Nge7 7. Nd5 Nxd5 8.
exd5 Ne7 9. c4 O-O 10. Nd2 Qg6 11. Nb3 a6 12. Bxd7 Bxf2+ 13. Rxf2 Bxd7 14. Qe2
f6 15. Nc5 Bg4 16. Qe3 Nf5 17. Qe4 b6 18. Ne6 Rfc8 19. Kh1 Qh5 20. Kg1 Nd6 21.
Qe3 Bxe6 22. dxe6 Qg4 23. h3 Qxe6 24. Qg3 Kh7 25. Bd2 Nf5 26. Qf3 Nd4 27. Qh5
Qe8 28. Qh4 Qg6 29. Raf1 Rf8 30. Qe4 Qxe4 31. dxe4 Rad8 32. Bc3 Rd7 33. Kh2
Rfd8 34. g4 Ne6 35. h4 Rd1 36. Kg3 Rxf1 37. Rxf1 Rd3+ 38. Rf3 Rxf3+ 39. Kxf3
Kg6 40. h5+ Kf7 41. Ke3 g6 42. Kf3 gxh5 43. gxh5 Ng5+ 44. Ke3 Ke6 45. Bd2 f5
46. exf5+ Kxf5 47. Kd3 e4+ 48. Ke2 c5 49. b4 Kg4 50. b5 axb5 51. cxb5 Kxh5 52.
a4 Ne6 53. Ke3 c4 54. Kxe4 Nc5+ 55. Kd5 Kg6 56. a5 Na4 57. a6 c3 58. Bc1 c2 59.
a7 Nc3+ 60. Kc4 1-0

[Event "C.to Provinciale BI-VC"]
[Site "Biella ITA"]
[Date "2014.03.16"]
[Round "4"]
[White "Rocchi, Enrico"]
[Black "Pedoni, Lorenzo"]
[WhiteElo "1891"]
[BlackElo "1699"]
[Result "1-0"]
[PlyCount "113"]
[EventDate "2014.03.14"]

1. e4 c5 2. Nf3 Nc6 3. d4 cxd4 4. Nxd4 Nf6 5. Nc3 e5 6. Nf3 Bc5 7. Bc4 O-O 8.
O-O h6 9. h3 d6 10. Qe2 Nh5 11. Be3 Bxe3 12. Qxe3 Nf4 13. Rad1 Kh8 14. Qd2 Qb6
15. Na4 Qa5 16. Qxa5 Nxa5 17. Bb3 b5 18. Nc3 b4 19. Nd5 Ba6 20. Rfe1 Be2 21.
Rd2 Bxf3 22. gxf3 Nxh3+ 23. Kg2 Nxb3 24. axb3 Ng5 25. Nxb4 a5 26. Nc6 Ra6 27.
Ne7 g6 28. Red1 Re8 29. Nd5 Rc6 30. Ne3 Re6 31. Nc4 a4 32. Rxd6 axb3 33. cxb3
Rexd6 34. Rxd6 Rc5 35. Rd5 Rc6 36. Rxe5 Ne6 37. Ne3 f6 38. Ra5 Nf4+ 39. Kh2 Nd3
40. Nc4 Ne1 41. Kg3 Nc2 42. Rd5 Ra6 43. f4 Ra1 44. e5 Rf1 45. Kf3 fxe5 46. fxe5
Re1 47. Ne3 Nxe3 48. fxe3 Rf1+ 49. Ke4 Rf8 50. e6 Kg7 51. Ke5 Re8 52. Rd7+ Kf8
53. Kf6 h5 54. e7+ Rxe7 55. Rxe7 g5 56. Rh7 h4 57. Rh8# 1-0

[Event "C.to Provinciale BI-VC"]
[Site "Biella ITA"]
[Date "2014.03.16"]
[Round "4"]
[White "Tibaldeschi, Attilio"]
[Black "Bozio, Stefano"]
[WhiteElo "1715"]
[BlackElo "1542"]
[Result "1-0"]
[PlyCount "45"]
[EventDate "2014.03.14"]

1. Nf3 Nc6 2. b3 d5 3. Bb2 Bf5 4. d3 Nf6 5. Nbd2 e6 6. g3 Be7 7. Bg2 Qd7 8. O-O
O-O-O 9. a3 Rdg8 10. c4 dxc4 11. Nxc4 h5 12. Rc1 Rf8 13. b4 Re8 14. b5 Nd8 15.
b6 Kb8 16. bxa7+ Kxa7 17. Qb3 h4 18. Na5 hxg3 19. fxg3 b6 20. Ne5 Bc5+ 21. Rxc5
Qd6 22. Nac6+ Nxc6 23. Nxc6+ 1-0

[Event "C.to Provinciale BI-VC"]
[Site "Biella ITA"]
[Date "2014.03.16"]
[Round "4"]
[White "Ubezio, Marco"]
[Black "Raselli, Claudio"]
[WhiteElo "2122"]
[BlackElo "1877"]
[Result "1-0"]
[PlyCount "53"]
[EventDate "2014.03.14"]

1. e4 c5 2. Nf3 e6 3. b3 Nf6 4. e5 Nd5 5. Bb2 Nc6 6. Bb5 Qc7 7. a4 a6 8. Bxc6
Qxc6 9. a5 Be7 10. Na3 O-O 11. Nc4 d6 12. exd6 Bxd6 13. Nxd6 Qxd6 14. d4 Qc7
15. O-O Rd8 16. dxc5 Ne3 17. fxe3 Rxd1 18. Raxd1 f6 19. b4 Bd7 20. Rd6 Re8 21.
Rfd1 Re7 22. Nd2 Bc6 23. Nc4 Rd7 24. Nb6 Rxd6 25. cxd6 Qd8 26. d7 h6 27. Bd4
1-0

[Event "C.to Provinciale BI-VC"]
[Site "Biella ITA"]
[Date "2014.03.16"]
[Round "4"]
[White "Zannoni, Gianni"]
[Black "Pivari, Flavio"]
[WhiteElo "1755"]
[BlackElo "1402"]
[Result "1-0"]
[PlyCount "101"]
[EventDate "2014.03.14"]

1. d4 Nf6 2. c4 e6 3. Nf3 Bb4+ 4. Bd2 Bxd2+ 5. Nbxd2 d5 6. g3 c6 7. Bg2 O-O 8.
O-O Nbd7 9. c5 b5 10. cxb6 Qxb6 11. Nb3 a5 12. Qc2 Rb8 13. Rab1 Ba6 14. Rfc1
Rfc8 15. e3 Bc4 16. Bf1 a4 17. Bxc4 axb3 18. Bxb3 Rc7 19. Ba4 c5 20. Bxd7 Nxd7
21. dxc5 Rxc5 22. Qd2 Rbc8 23. Nd4 Ne5 24. b3 Qc7 25. Rxc5 Qxc5 26. Kg2 Kf8 27.
Ne2 Qc2 28. Qb4+ Qc5 29. Qxc5+ Rxc5 30. Rc1 Ra5 31. a4 Nd3 32. Rc3 Nb2 33. Nd4
Nxa4 34. Rc8+ Ke7 35. Nc6+ Kd7 36. Nxa5 Kxc8 37. bxa4 Kc7 38. Nb3 e5 39. Kf3 g5
40. g4 f6 41. Ke2 Kb6 42. Kd3 h6 43. h3 Kc6 44. a5 Kb5 45. a6 Kxa6 46. Nc5+ Kb5
47. Nd7 e4+ 48. Kd4 f5 49. gxf5 Kc6 50. Nf6 Kd6 51. Nxd5 1-0

[Event "C.to Provinciale BI-VC"]
[Site "Biella ITA"]
[Date "2014.03.16"]
[Round "5"]
[White "Borghi, Dario"]
[Black "Zannoni, Gianni"]
[WhiteElo "1739"]
[BlackElo "1755"]
[Result "1-0"]
[PlyCount "63"]
[EventDate "2014.03.14"]

1. c4 Nf6 2. g3 e5 3. Bg2 c6 4. Nf3 d6 5. Nc3 Be7 6. d3 O-O 7. O-O Nbd7 8. e4
Nc5 9. b4 Ne6 10. Re1 Bd7 11. a3 a6 12. Bb2 b5 13. Qc2 Qb6 14. Rab1 Rfc8 15.
Qd2 a5 16. Nh4 axb4 17. axb4 g6 18. Nd1 Bf8 19. Nf3 Rcb8 20. Ne3 Ra2 21. Ra1
Rba8 22. Rxa2 Rxa2 23. Ra1 Rxa1+ 24. Bxa1 Bh6 25. Bc3 bxc4 26. dxc4 Nxe4 27.
Qd3 Bxe3 28. fxe3 Nxc3 29. Qxc3 Ng7 30. c5 dxc5 31. bxc5 f6 32. cxb6 1-0

[Event "C.to Provinciale BI-VC"]
[Site "Biella ITA"]
[Date "2014.03.16"]
[Round "5"]
[White "Bozio, Stefano"]
[Black "Monzeglio, Graziella"]
[WhiteElo "1542"]
[BlackElo "1286"]
[Result "1-0"]
[PlyCount "31"]
[EventDate "2014.03.14"]

1. e4 d5 2. exd5 Qxd5 3. Nc3 Qe5+ 4. Qe2 Qxe2+ 5. Ngxe2 Bf5 6. d3 e6 7. g3 Nf6
8. Bg2 c6 9. Bf4 Nbd7 10. O-O Be7 11. Rfe1 O-O 12. Nd4 Rfe8 13. Nxf5 exf5 14.
d4 Rab8 15. Bxb8 Rxb8 16. Rxe7 1-0

[Event "C.to Provinciale BI-VC"]
[Site "Biella ITA"]
[Date "2014.03.16"]
[Round "5"]
[White "Della Peruta, Lorenzo"]
[Black "Gnata, Ilaria"]
[WhiteElo "1423"]
[BlackElo "1449"]
[Result "1-0"]
[PlyCount "67"]
[EventDate "2014.03.14"]

1. e4 e5 2. Nf3 Nc6 3. Bc4 Bc5 4. Nc3 d6 5. h3 Nf6 6. d3 Qe7 7. Bg5 h6 8. Bxf6
Qxf6 9. Nd5 Qd8 10. c3 Bb6 11. Qd2 Be6 12. Rd1 Qd7 13. Bb5 f6 14. Qc2 Bf7 15.
d4 Be6 16. dxe5 fxe5 17. Nxe5 Qd8 18. Nxc6 bxc6 19. Bxc6+ Kf8 20. Bxa8 Qxa8 21.
O-O c6 22. Nxb6 axb6 23. Rxd6 Ke7 24. Rdd1 Bxa2 25. Ra1 Qg8 26. Qd2 Bb3 27.
Ra7+ Kf6 28. Qd6+ Be6 29. f4 Qe8 30. f5 Qc8 31. fxe6+ Kg5 32. Rxg7+ Kh5 33.
Rf5+ Kh4 34. Rg4# 1-0

[Event "C.to Provinciale BI-VC"]
[Site "Biella ITA"]
[Date "2014.03.16"]
[Round "5"]
[White "Moratto, Davide"]
[Black "Rocchi, Enrico"]
[WhiteElo "1790"]
[BlackElo "1891"]
[Result "1-0"]
[PlyCount "81"]
[EventDate "2014.03.14"]

1. e4 e5 2. Nf3 Nc6 3. Bb5 Bc5 4. O-O Nf6 5. Nxe5 Nxe4 6. Qe2 Nxe5 7. Qxe4 Qe7
8. Re1 Ng6 9. Qxe7+ Nxe7 10. Nc3 c6 11. Ba4 b5 12. Bb3 d5 13. a4 b4 14. Ne2 a5
15. d4 Bd6 16. c4 bxc3 17. bxc3 Bf5 18. Ng3 Bg6 19. Ra2 Rb8 20. Bd1 Kd7 21. h4
Bd3 22. Be2 Bxe2 23. Raxe2 Rb1 24. Nh5 Nf5 25. g3 Ra1 26. Bf4 Rxe1+ 27. Rxe1
Bxf4 28. Nxf4 Rb8 29. Nd3 Kd6 30. Nc5 Ne7 31. Kg2 Ng8 32. Ra1 Nf6 33. Ra3 Rb2
34. Rb3 Ra2 35. Rb7 h5 36. Rxf7 Rc2 37. Rxg7 Rxc3 38. Rf7 Rxc5 39. dxc5+ Kxc5
40. Rxf6 d4 41. Kf1 1-0